| 000 | 00894 a2200205 4500 | ||
|---|---|---|---|
| 003 | Nust | ||
| 005 | 20221007165200.0 | ||
| 010 | _a 95071451 | ||
| 020 | _a078970451X | ||
| 040 | _cNust | ||
| 082 | _a005.43,PIV | ||
| 100 | 1 |
_aPivovarnick, John. _999515 |
|
| 245 | 1 | 4 |
_aThe complete idiot's guide to Microsoft Works for Windows 95 / _cJohn Pivovarnick. |
| 260 |
_aIndianapolis, IN : _bQue, _cc1995. |
||
| 300 |
_axxiii, 384 p. : _bill. ; _c23 cm. |
||
| 505 | _aThe Basic (Page-1), The Top 10 Things You Need To Know (Page-3), Works’ Word Processor (Page-73), Spreadsheets (Page-143), Your Basic Database (Page-213), Works Working Together (Page-269), Comm. Basis (Page-323), Works Customizing Options (Page-347). | ||
| 650 | 0 |
_aIntegrated software. _994386 |
|
| 856 | 4 | 2 |
_3Publisher description _uhttp://www.loc.gov/catdir/enhancements/fy0720/95071451-d.html |
| 942 |
_2ddc _cBK _k005.43,PIV |
||
| 999 |
_c180274 _d180274 |
||